000 01343cam a2200433 4500
003 PE-LiUPU
005 20250731172924.0
020 _a0943872561
035 _a(Sirsi) i9780943872568
035 _a(Sirsi) 20946
035 _a(Sirsi) 20946
041 _aen
044 _aus
082 0 4 _a286.732
_bV21
100 1 _aValentine, Gilbert M.
245 _aThe shaping of adventism /
_cGilbert M. Valentine.
264 1 _aBerrien Springs, MI :
_bAndrews university press,
_c1992
300 _a307 páginas ;
_c24 cm.
505 0 _aA new england heritage -- College days -- Inky thumbs and party politics -- College president -- Education director and president at large
526 _aSEG42
526 _aSEG41
526 _aSEG40
526 _aSEG39
526 _aP94
526 _aP87
526 _aP86
526 _aP85
526 _aP77
526 _aP76
526 _aP35
610 _aIASD
_xPioneros
942 _2ddc
_cBOOK
949 _a286.732 V21
_i43852
_lPOSTGRADO
_mBUL
_tLIBRO
_o.STAFF. Posgrado
859 _q43852
_h286.732
_iV21
910 _aaj-hd
596 _a1
999 _a286.732 V21
_wDEWEY
_c20252
_i43852
_f2021-11-11
_g6
_lCCODEBUL1
_mBUL
_r0
_sY
_tBOOK
_u2015-6-24
_xTEOLOGIA
_PP35
_0COMPRA
_o.STAFF. Colección General
_d20252
980 _81
_gALBERTO SANCHEZ Responsable de Automatización